000 nam a22 7a 4500
999 _c129785
_d129785
008 190903b xxu||||| |||| 00| 0 eng d
050 _aHN37.C555
245 _aChristian liberation justice and development
_cChristian Council of Zambia, Evangelical Felloship of Zambia and Zambia Episcopal Conference
260 _aNdola, Zambia
_bMission Press
_c1987
300 _a45p. ;
_c21cm.
650 _aChristian sociology
_948017
942 _2lcc
_cMONOGRAPH